<?xml version="1.0" encoding="UTF-8"?><?xml-stylesheet type="text/xsl" href="static/style.xsl"?><OAI-PMH xmlns="http://www.openarchives.org/OAI/2.0/" xmlns:xsi="http://www.w3.org/2001/XMLSchema-instance" xsi:schemaLocation="http://www.openarchives.org/OAI/2.0/ http://www.openarchives.org/OAI/2.0/OAI-PMH.xsd"><responseDate>2026-04-28T19:33:05Z</responseDate><request verb="GetRecord" identifier="oai:uvadoc.uva.es:10324/73695" metadataPrefix="marc">https://uvadoc.uva.es/oai/request</request><GetRecord><record><header><identifier>oai:uvadoc.uva.es:10324/73695</identifier><datestamp>2025-02-26T08:18:56Z</datestamp><setSpec>com_10324_1179</setSpec><setSpec>com_10324_931</setSpec><setSpec>com_10324_894</setSpec><setSpec>col_10324_1306</setSpec></header><metadata><record xmlns="http://www.loc.gov/MARC21/slim" xmlns:doc="http://www.lyncode.com/xoai" xmlns:xsi="http://www.w3.org/2001/XMLSchema-instance" xmlns:dcterms="http://purl.org/dc/terms/" xsi:schemaLocation="http://www.loc.gov/MARC21/slim http://www.loc.gov/standards/marcxml/schema/MARC21slim.xsd">
<leader>00925njm 22002777a 4500</leader>
<datafield tag="042" ind1=" " ind2=" ">
<subfield code="a">dc</subfield>
</datafield>
<datafield tag="720" ind1=" " ind2=" ">
<subfield code="a">López Gómez, Juan José</subfield>
<subfield code="e">author</subfield>
</datafield>
<datafield tag="720" ind1=" " ind2=" ">
<subfield code="a">Ramos Bachiller, Beatriz</subfield>
<subfield code="e">author</subfield>
</datafield>
<datafield tag="720" ind1=" " ind2=" ">
<subfield code="a">Luis Román, Daniel Antonio de</subfield>
<subfield code="e">author</subfield>
</datafield>
<datafield tag="260" ind1=" " ind2=" ">
<subfield code="c">2024</subfield>
</datafield>
<datafield tag="520" ind1=" " ind2=" ">
<subfield code="a">Objective: Despite the availability of a wide range of oral nutritional supplements (ONS) offerings,&#xd;
individuals with malnutrition are still struggling to meet their nutritional targets. A new concentrated&#xd;
and high-protein energy-dense ONS (≥2.1 kcal/mL;32 g protein/200 mL) with high-quality protein (60%&#xd;
whey protein) has emerged as a pivotal formula to reach the patient’s energy-protein requirements,&#xd;
enhance compliance, and maximize stimulation of muscle protein synthesis, key factors driving better&#xd;
nutritional, functional, and clinical outcomes. The purpose of this article is to provide our clinical&#xd;
experience using this new nutritionally concentrated ONS as a therapeutic strategy for patients with&#xd;
DRM.&#xd;
Methods: Three clinical cases have been examined using new assessment procedures and a new form&#xd;
of nutritional therapy, and their impact on the nutritional and functional outcomes in patients with&#xd;
moderate-to-severe DRM.&#xd;
Results: A tailored individualized nutritional interventions improved anthropometric, biochemical, and&#xd;
functional outcomes (Case 1,2, and 3) assessed using hand grip strength, bioimpedance and muscle&#xd;
ultrasound, and as well as good gastrointestinal tolerance (Case 1) and compliance to the ONS in&#xd;
patients with DRM (Case 1,2,3).&#xd;
Conclusion: The use of this novel high-protein energy-dense formula with high-quality protein source&#xd;
(≥2.1 kcal/mL; 32 g protein/200 mL; 60% whey protein) overcome common practical challenges in the&#xd;
medical nutrition therapy of patients with DRM, either because these patients require a highly concentrated&#xd;
formulation to meet nutritional requirements due to loss of appetite, lack of interest in food,&#xd;
and high caloric-protein needs due to disease, and a large quantity and quality of protein to optimize&#xd;
muscle recovery due to sarcopenia, common in patients with moderate-severe malnutrition.</subfield>
</datafield>
<datafield tag="024" ind2=" " ind1="8">
<subfield code="a">Postgraduate Medicine, 2024, vol. 136, n. 1, p. 52-59.</subfield>
</datafield>
<datafield tag="024" ind2=" " ind1="8">
<subfield code="a">0032-5481</subfield>
</datafield>
<datafield tag="024" ind2=" " ind1="8">
<subfield code="a">https://uvadoc.uva.es/handle/10324/73695</subfield>
</datafield>
<datafield tag="024" ind2=" " ind1="8">
<subfield code="a">10.1080/00325481.2024.2307869</subfield>
</datafield>
<datafield tag="024" ind2=" " ind1="8">
<subfield code="a">52</subfield>
</datafield>
<datafield tag="024" ind2=" " ind1="8">
<subfield code="a">1</subfield>
</datafield>
<datafield tag="024" ind2=" " ind1="8">
<subfield code="a">59</subfield>
</datafield>
<datafield tag="024" ind2=" " ind1="8">
<subfield code="a">Postgraduate Medicine</subfield>
</datafield>
<datafield tag="024" ind2=" " ind1="8">
<subfield code="a">136</subfield>
</datafield>
<datafield tag="024" ind2=" " ind1="8">
<subfield code="a">1941-9260</subfield>
</datafield>
<datafield tag="245" ind1="0" ind2="0">
<subfield code="a">Management of disease-related malnutrition: a real-world experience with a novel concentrated high-protein energy-dense oral nutritional supplement</subfield>
</datafield>
</record></metadata></record></GetRecord></OAI-PMH>